| 000 | 00568nam a2200205Ia 4500 | ||
|---|---|---|---|
| 001 | 14929 | ||
| 003 | GE_BSU | ||
| 008 | 181216s||||||||xx |||||||||||||| ||und|| | ||
| 040 | _cGE_BSU | ||
| 080 | _a512.13 | ||
| 100 | _aБеккенбах,Э. | ||
| 245 | _aВведение в неравенства | ||
| 245 | _cПод.ред.И.М.Яглома. Пер. с англ. Р.А.Лукацкой | ||
| 260 | _aМосква | ||
| 260 | _bМир | ||
| 260 | _c1965 | ||
| 300 | _a165стр.20см. | ||
| 653 | _aВведение в неравенства | ||
| 942 | _cBK | ||
| 999 |
_c48049 _d48049 |
||